00566nam a22001937a 450000500170000001000130001702000230003003500130005303700100006608200120007610000230008824500820011125000120019326000510020527000430025630000300029950000200032970000230034920110927113342.0 aG-001538 c500.00a007463769X1daG-001538 bGift  a005.133 aNaughton, Patrick  aJava 2:cby Patrick Naughton [and] Herbert Schildt bthe complete reference / a3rd ed. aNew Delhi bTata McGraw Hill Publishing c2000 a7 West Patel NagarbNew Delhi e110008 axxvi, 1108p. c28cm(pbk)  aIncludes index  aSchildt, Herbert